Damas - Choix Multiples - Statistiques

Statistiques générales
  • Ce quiz a été pris 71 fois
  • Le résultat moyen est 6 sur 10
Statistiques - réponses
Question Réponse % Correct
Le règne de quel dictateur a pris fin par la prise de Damas par les rebelles Syriens en 2024 ? Bachar al-Assad
88%
Quel record est souvent attribué à Damas ? La ville la plus anciennement habitée en continu
80%
Quelle dynastie arabe a fait de Damas sa capitale, de 661 à 750 ? Les Omeyyades
68%
Quelle est la nationalité de très nombreux réfugiés s'étant installés à proximité de la ville, surtout à partir des années 1960 ? Palestinienne
66%
La Grande mosquée des (réponse à la question 2) abriterait les reliques de ce Saint chrétien : Jean-Baptiste
58%
Laquelle de ces images représente cette mosquée ?
56%
Quel peuple s'étant emparé de Damas au 1er siècle avant J.-C. a réorganisé la ville, notamment autour d'une voie ouest-est encore visible aujourd'hui ? Les Romains
54%
A laquelle de ces propositions Damas ne fait pas référence ? Un jeu de stratégie
51%
Au niveau de laquelle de ces entités aquatiques lui ayant permis de se développer se trouve Damas ? L'oasis de la Ghouta
36%
Au pied de quelle chaîne de montagnes se trouve Damas ? L'Anti-Liban
17%
Aucun quiz correspondant
Distribution des résultats
% des personnes avec chaque résultat
Percentile par nombre de réponses
Votre historique - résultats
Vous n’avez pas pris ce quiz